Retratos de la amistad: historia y filosofía de un vínculo social
Saved in:
| Main Author: | |
|---|---|
| Format: | Book |
| Language: | Spanish |
| Published: |
Santiago
Lom
2012
|
| Edition: | 1a. ed |
| Series: | Filosofía. Ciencias Humanas
|
| Subjects: | |
| Tags: |
Add Tag
No Tags, Be the first to tag this record!
|
MARC
| LEADER | 00000cam a2200000 a 4500 | ||
|---|---|---|---|
| 001 | UCF4579 | ||
| 003 | CL-VaPUC | ||
| 008 | 121213e20120000CL |||||||||||||||||spa|d | ||
| 020 | |a 9789560003225 | ||
| 082 | 0 | 4 | |a 177 |b FRE |2 21 |
| 100 | 0 | |a Frei Toledo, Raimundo |e author |9 566119 | |
| 245 | 1 | 0 | |a Retratos de la amistad: historia y filosofía de un vínculo social |
| 250 | |a 1a. ed | ||
| 300 | |a 166 p | ||
| 942 | |c BK | ||
| 945 | |d 20121213 00:00:00 |a dcastane | ||
| 260 | |a Santiago |b Lom |c 2012 | ||
| 650 | 0 | |a Etica social |9 267623 | |
| 650 | 0 | |a Relaciones sociales |9 376480 | |
| 650 | 0 | |a Amistad |9 307341 | |
| 650 | 7 | |a FILOSOFIA POLITICA |2 CL-VaPUC |9 566120 | |
| 650 | 0 | |a Subjetividad |9 319638 | |
| 583 | |a last modification |c 20121213 11:07:00 |k Rodrigo Vera | ||
| 490 | 0 | |a Filosofía. Ciencias Humanas | |
| 999 | |c 350335 |d 350333 | ||
| 952 | |0 0 |1 0 |4 0 |6 177_000000000000000_FRE_2012 |7 0 |8 A |9 453617 |a BIBING |b BIBING |d 2019-11-22 |i 4933699 |o 177 FRE 2012 |p 4933699 |r 2023-03-02 |w 2019-11-22 |y BK |k CUI | ||